Hygienické kritériá znižovania hluku v obytnom a pracovnom prostredí Seminár. Bratislava 9.-11.3.1988

Na minha lista:
Detalhes bibliográficos
Formato: Livro
Idioma:eslovaco
Publicado em: Bratislava Dom techn. ČSVTS 1988
Edição:1. vyd.
Tags: Adicionar Tag
Sem tags, seja o primeiro a adicionar uma tag!

MARC

LEADER 00000nam a2200000 4500
001 c025788
005 20221219091630.2
041 0 |a slo 
044 |a SK 
245 1 0 |a Hygienické kritériá znižovania hluku v obytnom a pracovnom prostredí  |b Seminár. Bratislava 9.-11.3.1988 
250 |a 1. vyd. 
264 1 |a Bratislava  |b Dom techn. ČSVTS  |c 1988 
300 |a 42 s.